| 000 | 00332nam a2200121Ia 4500 | ||
|---|---|---|---|
| 005 | 20251222141820.0 | ||
| 008 | 251222s9999||||xx |||||||||||||| ||spa|| | ||
| 082 | _a510.332/A42A | ||
| 100 | _aAliaga Valdez, Carlos | ||
| 245 | 0 | _aAplicaciones Prácticas de Matemática Financiera: | |
| 264 | _bUniversidad del Pacífico | ||
| 942 | _cLIB | ||
| 999 |
_c6774 _d6774 |
||